Library of classic adventures. (Record no. 1727)

MARC details
000 -LEADER
fixed length control field 01355cam a2200325 a 4500
001 - CONTROL NUMBER
control field data
005 - DATE AND TIME OF LATEST TRANSACTION
control field 20260322212115.0
008 - FIXED-LENGTH DATA ELEMENTS--GENERAL INFORMATION
fixed length control field data
035 ## - SYSTEM CONTROL NUMBER
System control number 12633015
010 ## - LIBRARY OF CONGRESS CONTROL NUMBER
LC control number 00135503
020 ## - INTERNATIONAL STANDARD BOOK NUMBER
International Standard Book Number 0762409886
020 ## - INTERNATIONAL STANDARD BOOK NUMBER
International Standard Book Number 9780762409884
040 ## - CATALOGING SOURCE
Original cataloging agency DLC
Transcribing agency DLC
Modifying agency DLC
050 00 - LIBRARY OF CONGRESS CALL NUMBER
Classification number PR1309.A38
Item number L53 2000
082 00 - DEWEY DECIMAL CLASSIFICATION NUMBER
Classification number 823/.08708
Edition information 21
245 00 - TITLE STATEMENT
Title Library of classic adventures.
246 30 - VARYING FORM OF TITLE
Title proper/short title Classic adventures
260 ## - PUBLICATION, DISTRIBUTION, ETC.
Place of publication, distribution, etc. Philadelphia :
Name of publisher, distributor, etc. Courage Books,
Date of publication, distribution, etc. c2000.
300 ## - PHYSICAL DESCRIPTION
Extent 1152 p. ;
Dimensions 22 cm.
336 ## - CONTENT TYPE
Content type term text
Content type code txt
Source rdacontent
337 ## - MEDIA TYPE
Media type term unmediated
Media type code n
Source rdamedia
338 ## - CARRIER TYPE
Carrier type term volume
Carrier type code nc
Source rdacarrier
505 0# - FORMATTED CONTENTS NOTE
Formatted contents note The adventures of Tom Sawyer / by Mark Twain -- Treasure Island / by Robert Louis Stevenson -- Robinson Crusoe / by Daniel Defoe -- Gulliver's travels / by Jonathan Swift -- The red badge of courage / by Stephen Crane --The time machine / by H.G. Wells -- The invisible man / by H.G. Wells.
650 #0 - SUBJECT ADDED ENTRY--TOPICAL TERM
Topical term or geographic name entry element Adventure stories, English.
650 #0 - SUBJECT ADDED ENTRY--TOPICAL TERM
Topical term or geographic name entry element Adventure stories, American.
906 ## - LOCAL DATA ELEMENT F, LDF (RLIN)
a 7
b cbc
c orignew
d 2
e ncip
f 20
g y-gencatlg
925 0# -
-- acquire
-- 2 shelf copies
-- policy default
955 ## - COPY-LEVEL INFORMATION (RLIN)
-- lh06 2002-01-15
-- lh44 2002-01-16 to Dewey
Holdings
Withdrawn status Lost status Damaged status Not for loan Home library Current library Shelving location Date acquired Total checkouts Full call number Barcode Date last seen Price effective from Koha item type
        Fairview Fairview General stacks 22/03/2026   823/.08708 LOC-FPL-00012 22/03/2026 22/03/2026 Books